| 000 | 00689nam a2200241Ia 4500 | ||
|---|---|---|---|
| 005 | 20240203114554.0 | ||
| 008 | 131103s9999 xx 000 0 und d | ||
| 040 | _aLoreto College | ||
| 041 | _aEnglish | ||
| 082 |
_a370.15 _bDOS |
||
| 100 | _aDosajh,N.L. | ||
| 245 |
_aAdvanced Educational Psychology, _cN.L.Dosajh |
||
| 250 | _arev.2nd.ed. | ||
| 260 |
_aBombay _bAllied Publishers Private Ltd. _c1982 |
||
| 300 |
_aix,506 p. _b ill.,fig.,tables |
||
| 504 | _aIncludes bibliographical references and index | ||
| 630 | _aEducational Psychology | ||
| 630 | _aPhilosophy and Theory Of Education | ||
| 650 | _aEducation | ||
| 651 | _aEducation | ||
| 850 | _aLCLIB | ||
| 942 | _cBK | ||
| 999 |
_c3816 _d54295 |
||